| 000 | 00977nam a22001697a 4500 | ||
|---|---|---|---|
| 003 | LRUA | ||
| 005 | 20221125140605.0 | ||
| 008 | 221125b xxu||||| |||| 00| 0 eng d | ||
| 040 | _cRUA | ||
| 082 | _aFOR CHH 2012 B544 Or.1 | ||
| 100 | _aCHHIN NAVIN,ឈិន ណាវិន | ||
| 245 | _astudy on traditional medicine plants utilization in prek thnot commune,teuk chhou district,kampot province,ការសិក្សារអំពីការប្រើប្រាស់រុក្ខជាតិឪសថតាមបែបប្រពៃណីនៅក្នុងសហគមន៍ការពារធនធានធម្មជាតិព្រែកត្នោតនៅឃុំព្រែកត្នោតស្រុកទឹកឈូខេត្តកំពត់ | ||
| 260 |
_aphnom penh _brua _c2012 |
||
| 300 |
_ax;44p; _bill; _c29cm; |
||
| 856 | _uhttps://drive.google.com/file/d/1gOQM9B05_QRM8gzR7xTGeeZKjOmBe5AD/view?usp=sharing | ||
| 942 |
_cFOR _2ddc |
||
| 999 |
_c17887 _d17887 |
||